000 00962nam a22002417a 4500
001 BRCA_9372
003 FranzMayer
005 20230918123654.0
008 230830b |||||||| |||| 00| 0 eng d
040 _aMFM
_bEspañol
_cMFM
050 0 _aAM151.M6
_bR83 1969
100 1 _4Autor
_aRubin de la Borbolla, Daniel F
_929389
240 _aArte popular de Michoacán
_hMichoacán en el arte
_lEspañol
245 0 _aArte popular de Michoacán
_bMichoacán en el arte
260 _aMichoacán, México
_bEl Carmen
_c1969
300 _a1 v
_bIlustraciones
_c24 cm
500 _aAnexo 1
500 _aEl libro contiene fotografías las cuales se añadieron después y podrían llegar a caerse
505 _aTexto en: españolIncluye índice temáticoIncluye bibliografíaTexto en: español
650 1 _2Museos
_aColecciones
_vExposiciones en museos
_929390
651 2 _2Exposiciones mexicanas
_aMichoacán
_vMichoacán en el arte
_929391
942 _2lcc
_cB
999 _c10994
_d10994